00695nam a2200205 i 450000100060000000300090000600500170001500700030003200800410003510000330007624501470010925000120025626000450026830000220031349000320033565000200036765000160038783000640040385200220046734561ES-MaACL20250929063103.0t|030207s1965 sp ||||1| spa d1 aDufoyer, Pierre, d1898-195910aMaternidad: bla maravillosa aventura de la célula humana desde el germen al recién nacido / cRené Boigelot, Ángel del Hogar [seud.]. a6ª ed. aBilbao : bDesclée de Brouwer, c1965. a182 p. ; c19 cm.1 aEducación y familia ; v607aEmbarazo2embne00aMaternidad.10aColección educación y familia (Desclée de Brouwer)v6 aES-MaACLjC-28177